Logos équipes Eyeshield 21 - Statistiques

Statistiques générales
  • Ce quiz a été pris 12 fois
  • Le résultat moyen est 20 sur 44
Statistiques - réponses
Par images Réponse % Correct
Devil Bats
100%
Deimon
82%
Ôjô
82%
Poséidons
73%
Sphinx
73%
White Knights
73%
Caméléons
64%
Cupid
64%
Naga
64%
Spiders
64%
Aliens
55%
Bandô
55%
Dinosaurs
55%
NASA
55%
Scorpions
55%
Seibu
55%
Tayô
55%
Teikoku
55%
Wild Gunmans
55%
Alexanders
45%
Amino
45%
Cyborgs
45%
Deers
45%
Kyoshin
45%
Shinryûji
45%
Wolves
45%
Guts
36%
Hakushû
36%
Koigahama
36%
Strong Golems
36%
Dokubari
27%
Fishers
27%
Hashiratani
27%
Misaki
27%
Punks
27%
Sado
27%
Yūhi
27%
Zokuto
27%
Blizzards
18%
Sankaku
18%
Edomae
9%
Northern Light
9%
Savanna
9%
Survivors
9%
Aucun quiz correspondant
Distribution des résultats
% des personnes avec chaque résultat
Percentile par nombre de réponses
Votre historique - résultats
Vous n’avez pas pris ce quiz